000 00967nam a22002777a 4500
005 20180308154517.0
010 _aB-527758-759
020 _a9788170289265
_c110.00
020 _a9788170289265
_c150.00 (AV)
020 _a8170289262
_c110.00
035 _aB-527758-759
035 _aB-665113
037 _bPrakashan Sansthan/Ven
_adpl
082 _a808.88
100 _aSwami Vivekanand
245 _aInspiring thoughts /
_cby Swami Vivekanand
260 _aDelhi
_bRajpal & Sons
_c2012
270 _aKashmere Gate
_bDelhi
_e110006
300 _a104p.:
_c18cm (Hb)
_bill.
650 _aQuotation
650 _aInspiring Thoughts
700 _aJohri, Meera
_94707
942 _2ddc
_cEN
_h808.88
_mSWA
999 _c85141
_d85141